000 00769cam a2200265 4500
001 B2147
008 090401t1987 xxu||||| |||| 00| 0 eng d
035 _a(Sirsi) u48284
041 _aeng
050 _a526.9907
110 _aInternational Hydrographic Organization
_92616
245 _aStandards of competence for hydrographic surveyors
250 _a5th ed.
260 _aMonaco
_bInternational Hydrographic Bureau
_c1987
300 _a2v. ; 30cm.
350 _a0
520 _aPart II: bibliography by W.K. McDonald.
650 _aBIBLIOGRAPHIES
650 _aCAREERS, EDUCATION AND TRAINING
650 _aHYDROGRAPHIC SURVEYING
650 _aMACDONALD W K
710 _aFederation International Des Geometres
942 _n0
948 _c04/03/1997
999 _c92316
_d92316